| 000 | 00562pam a2200193 a 4500 | ||
|---|---|---|---|
| 001 | 2452474 | ||
| 005 | 20170830111127.0 | ||
| 008 | 890714s1990 maua b 001 0 eng | ||
| 020 | _a0262161176 | ||
| 040 | _cPK-LaUMT | ||
| 082 | 0 | 0 |
_a609 _220 _bPAC-T |
| 100 | 1 | _aPacey, Arnold | |
| 245 | 1 | 0 |
_aTechnology in world civilization : _ba thousand-year history / _cArnold Pacey |
| 260 |
_aCambridge, Mass. : _bMIT Press, _c1990 |
||
| 300 |
_axi, 238 p. : _bill. ; _c24 cm. |
||
| 650 | 0 |
_aTechnology _xHistory. |
|
| 650 | 0 |
_aTechnology transfer _xHistory. |
|
| 942 | _cBK | ||
| 999 |
_c97761 _d97761 |
||